000 00307nam a22001337a 4500
008 181015b xxu||||| |||| 00| 0 eng d
020 _a0226027848
041 _aeng
080 _a316
100 _a50
101 _aSOC
245 _aThe Shadow of God and the Hidden Imam
_cArjomand,S.A
942 _2udc
_cBK
999 _c49719
_d49719